00297nam a22001217a 4500008004100000020001800041100001600059245003600075250001300111260003000124300000900154546001200163230523b |||||||| |||| 00| 0 eng d a9789388267854 aS. N. Misra aThe Code of Criminal Procedure  a22nd Ed. aPrayagrajbCLP Pub.c2022 a1012 aEnglish